[Event "WchT Blitz Pool A"]
[Site "London"]
[Date "2025.06.14"]
[Round "4.3"]
[White "Mesropov, Konstantin Eduard"]
[Black "Eljanov, Pavel"]
[Result "1/2-1/2"]
[WhiteElo "2458"]
[BlackElo "2669"]
[PlyCount "129"]
[EventDate "2025.06.14"]
[EventType "team-tourn"]
[EventRounds "13"]
[EventCountry "ENG"]
[SourceTitle "CB25_2025"]
[SourceDate "2025.06.18"]
[SourceVersion "1"]
[SourceVersionDate "2025.06.18"]
[SourceQuality "1"]
[WhiteTeam "Global Ramblers"]
[BlackTeam "Ashdod Elit CC"]
[WhiteTeamCountry "UKR"]
[BlackTeamCountry "ISR"]

1. d4 d5 2. Bf4 c5 3. e3 cxd4 4. exd4 Nc6 5. c3 Bf5 6. Nf3 e6 7. Bd3 Bxd3 8. Qxd3 Bd6 9. Bxd6 Qxd6 10. 0-0 Nge7 11. Nbd2 Rb8 12. Rfe1 h6 13. Ne5 Nxe5 14. dxe5 Qc7 15. Nf3 0-0 16. Nd4 Nc6 17. h3 Rfc8 18. Nb5 Qb6 19. Re2 a6 20. Nd6 Rd8 21. Qg3 Nxe5 22. Nxb7 Rxb7 23. Qxe5 a5 24. Rae1 a4 25. Kh1 Qd6 26. Qd4 Rdb8 27. c4 Rb4 28. b3 axb3 29. axb3 Rxb3 30. cxd5 Qxd5 31. Qxd5 exd5 32. Re8+ Kh7 33. R1e7 Rxe8 34. Rxe8 Kg6 35. Rd8 Rb5 36. g4 Kf6 37. Kg2 Ke7 38. Rg8 g5 39. Ra8 Rb6 40. Kf3 Ke6 41. Re8+ Kf6 42. Kg3 Re6 43. Rd8 Ke5 44. Rd7 Rf6 45. f3 Kd4 46. Kf2 Kc4 47. Rc7+ Kd3 48. Ra7 d4 49. Ra3+ Kc4 50. Ke2 Rb6 51. Ra4+ Rb4 52. Ra7 Rb2+ 53. Ke1 Kd3 54. Rxf7 Ke3 55. Re7+ Kxf3 56. Re6 d3 57. Rxh6 Re2+ 58. Kd1 Ke3 59. Re6+ Kf2 60. Rg6 Re5 61. Kd2 Kg3 62. Rh6 Rd5 63. Rh5 Kf4 64. h4 Kxg4 65. Rxg5+ 1/2-1/2

[Event "WchT Rapid"]
[Site "London"]
[Date "2025.06.13"]
[Round "9.2"]
[White "Vitiugov, Nikita"]
[Black "Eljanov, Pavel"]
[Result "1-0"]
[WhiteElo "2590"]
[BlackElo "2614"]
[PlyCount "157"]
[EventDate "2025.06.11"]
[EventType "team-swiss"]
[EventRounds "12"]
[EventCountry "ENG"]
[SourceTitle "CB25_2025"]
[SourceDate "2025.06.18"]
[SourceVersion "1"]
[SourceVersionDate "2025.06.18"]
[SourceQuality "1"]
[WhiteTeam "Malcolm's Mates"]
[BlackTeam "Ashdod Elit CC"]
[WhiteTeamCountry "ENG"]
[BlackTeamCountry "ISR"]

1. d4 d5 2. c4 e6 3. Nc3 Nf6 4. cxd5 exd5 5. Bg5 c6 6. e3 h6 7. Bh4 Be7 8. Bd3 0-0 9. Nge2 Re8 10. 0-0 Nh5 11. Bxe7 Qxe7 12. Qd2 Nd7 13. Rae1 Nf8 14. Nc1 Be6 15. f3 Rad8 16. Qf2 b6 17. a3 Nf6 18. Nb3 c5 19. Nd2 Bc8 20. h3 Ne6 21. f4 Bb7 22. Bb5 Rf8 23. Bd3 Rfe8 24. Bb5 Rf8 25. Bd3 a6 26. Kh2 b5 27. Bf5 b4 28. axb4 cxb4 29. Na4 Bc6 30. Ra1 Bb5 31. Rfe1 Rfe8 32. Nb3 Qd6 33. Nac5 Nxc5 34. Nxc5 Qb6 35. g4 a5 36. g5 hxg5 37. fxg5 Nh5 38. Bg4 g6 39. Bxh5 gxh5 40. Qf3 Qd6+ 41. Qg3 Qxg3+ 42. Kxg3 Ra8 43. b3 Kg7 44. Ra2 Re7 45. Kh4 Kg6 46. Rf2 a4 47. Rf6+ Kg7 48. Rb6 Be8 49. bxa4 Bxa4 50. Ra1 Bc6 51. Rxa8 Bxa8 52. Kxh5 Rxe3 53. Kg4 Rc3 54. Ra6 Ra3 55. Rb6 Rc3 56. Rxb4 Rc4 57. Rxc4 dxc4 58. Na4 f6 59. Kf5 fxg5 60. Kxg5 Kf7 61. Nc3 Bc6 62. h4 Bd7 63. d5 Kg7 64. Ne4 Ba4 65. h5 Bc2 66. Nd6 Bd3 67. Nb5 Kf7 68. Nc3 Ke7 69. Nb5 Kf7 70. h6 Ke7 71. Nc3 Kf7 72. Kf4 Kf6 73. Ne4+ Kg6 74. d6 c3 75. Nxc3 Kf7 76. Ne4 Bb5 77. Kg5 Ba4 78. Ng3 Bd7 79. Nh5 1-0

[Event "Munich op-A 3rd"]
[Site "Munich"]
[Date "2025.06.02"]
[Round "9"]
[White "Eljanov, Pavel"]
[Black "Apoorv, Kamble"]
[Result "1-0"]
[WhiteElo "2668"]
[BlackElo "2251"]
[PlyCount "47"]
[EventDate "2025.05.29"]
[EventType "swiss"]
[EventRounds "9"]
[EventCountry "GER"]
[SourceTitle "CB23_2025"]
[SourceDate "2025.06.04"]
[SourceVersion "1"]
[SourceVersionDate "2025.06.04"]
[SourceQuality "1"]

1. d4 Nf6 2. c4 e6 3. Nc3 Bb4 4. e3 c5 5. Nf3 0-0 6. Bd3 Nc6 7. dxc5 Bxc5 8. 0-0 d5 9. cxd5 Nxd5 10. Nxd5 Qxd5 11. Qc2 h6 12. Rd1 Qh5 13. a3 Be7 14. b4 Bf6 15. Bb2 Ne5 16. Bxe5 Bxe5 17. Qc5 f6 18. Nxe5 Qxe5 19. Bh7+ Kf7 20. Bg6+ Kg8 21. Qe7 b6 22. f4 Qc3 23. Rac1 Qxe3+ 24. Kh1 1-0

[Event "Munich op-A 3rd"]
[Site "Munich"]
[Date "2025.05.31"]
[Round "5"]
[White "Eljanov, Pavel"]
[Black "Krasikov, Vladislav"]
[Result "1-0"]
[WhiteElo "2668"]
[BlackElo "2259"]
[PlyCount "81"]
[EventDate "2025.05.29"]
[EventType "swiss"]
[EventRounds "9"]
[EventCountry "GER"]
[SourceTitle "CB23_2025"]
[SourceDate "2025.06.04"]
[SourceVersion "1"]
[SourceVersionDate "2025.06.04"]
[SourceQuality "1"]

1. d4 Nf6 2. c4 e6 3. Nc3 Bb4 4. e3 0-0 5. Bd3 d5 6. a3 dxc4 7. Bxc4 Bxc3+ 8. bxc3 c5 9. Ne2 b6 10. 0-0 Ba6 11. Bxa6 Nxa6 12. Qd3 Qc8 13. e4 h6 14. Ng3 Rd8 15. Bf4 Qb7 16. Qe3 Qe7 17. Rad1 Rac8 18. h3 Nc7 19. Rd3 Kh7 20. Rb1 Qd7 21. Rbd1 Qc6 22. Be5 Nce8 23. d5 Qa4 24. Bxf6 Nxf6 25. dxe6 Qxd1+ 26. Rxd1 Rxd1+ 27. Kh2 fxe6 28. e5 Nd7 29. Qe4+ Kh8 30. Qg4 Re1 31. Qxe6 Rd1 32. Nf5 Kh7 33. Nd6 Rd8 34. Qf5+ Kg8 35. Qf7+ Kh7 36. Ne8 Rxe8 37. Qxe8 c4 38. f4 Nc5 39. f5 Ne4 40. Qg6+ Kh8 41. f6 1-0

[Event "Munich op-A 3rd"]
[Site "Munich"]
[Date "2025.05.29"]
[Round "2"]
[White "Monninger, Moritz Franz"]
[Black "Eljanov, Pavel"]
[Result "0-1"]
[WhiteElo "2114"]
[BlackElo "2668"]
[PlyCount "78"]
[EventDate "2025.05.29"]
[EventType "swiss"]
[EventRounds "9"]
[EventCountry "GER"]
[SourceTitle "CB23_2025"]
[SourceDate "2025.06.04"]
[SourceVersion "1"]
[SourceVersionDate "2025.06.04"]
[SourceQuality "1"]

1. d4 Nf6 2. Bg5 e6 3. e4 h6 4. Bxf6 Qxf6 5. c3 d6 6. Bd3 c5 7. Ne2 cxd4 8. cxd4 Qd8 9. Nbc3 Be7 10. 0-0 0-0 11. Rc1 Qb6 12. Bb1 Nc6 13. Qd3 g6 14. Rfd1 Bg5 15. f4 Bf6 16. Kh1 Bg7 17. a3 Ne7 18. Qb5 Qd8 19. e5 a6 20. Qd3 Bd7 21. Ng3 dxe5 22. dxe5 Bc6 23. Qe2 Qb6 24. Nge4 Nf5 25. Rd3 Rfd8 26. Rcd1 Rxd3 27. Rxd3 Rd8 28. Rxd8+ Qxd8 29. Qd2 Qxd2 30. Nxd2 g5 31. fxg5 hxg5 32. Nde4 Ne3 33. Nxg5 Bxg2+ 34. Kg1 Bc6 35. Be4 Bxe5 36. Bxc6 bxc6 37. Nge4 Nc4 38. Na4 Nxb2 39. Nac5 a5 0-1

[Event "Titled Tuesday intern op 01st Apr Late"]
[Site "Chess.com INT"]
[Date "2025.04.01"]
[Round "3"]
[White "Eljanov, Pavel"]
[Black "Narayanan, Sunilduth Lyna"]
[Result "1-0"]
[WhiteElo "2668"]
[BlackElo "2601"]
[PlyCount "215"]
[EventDate "2025.04.01"]
[EventType "swiss (blitz)"]
[EventRounds "11"]
[EventCountry "USA"]
[SourceTitle "CB21_2025"]
[SourceDate "2025.05.21"]
[SourceVersion "1"]
[SourceVersionDate "2025.05.21"]
[SourceQuality "1"]

1. d4 Nf6 2. Nf3 d6 3. c4 Nbd7 4. Nc3 e5 5. e4 Be7 6. Be2 0-0 7. 0-0 Re8 8. Qc2 exd4 9. Nxd4 Bf8 10. Rd1 c6 11. Be3 a5 12. Nf5 Qc7 13. f3 Ne5 14. Ng3 g6 15. Rac1 h5 16. Qd2 h4 17. Nh1 h3 18. g3 a4 19. Nf2 Qa5 20. g4 Be6 21. b3 axb3 22. axb3 Qb4 23. Qc2 Ra3 24. Rb1 Ned7 25. Bc1 Raa8 26. Nxh3 Qb6+ 27. Nf2 Ne5 28. Kg2 Be7 29. Na4 Qa7 30. Bf4 Kg7 31. c5 g5 32. Bg3 Ng6 33. cxd6 Bf8 34. Nc5 Nd7 35. Nfd3 b6 36. Ra1 Qb8 37. Nxe6+ fxe6 38. Qxc6 Rd8 39. Qc7 Kf6 40. Rxa8 Qxa8 41. Ra1 Qb8 42. Ra7 e5 43. Rb7 Bxd6 44. Rxb8 Bxc7 45. Rxd8 Bxd8 46. Bf2 Be7 47. Kf1 Ke6 48. b4 Nf4 49. Nxf4+ exf4 50. Bc4+ Kd6 51. Bb5 Ne5 52. Bxb6 Nxf3 53. Bc5+ Ke6 54. Bxe7 Kxe7 55. h3 Nd2+ 56. Ke2 Nxe4 57. Bc6 Nf6 58. Kf3 Kd6 59. Ba8 Ke5 60. b5 Nd7 61. Bc6 Nb6 62. Be4 Nc4 63. Bd3 Nb6 64. Bc2 Nc4 65. Bd1 Nb6 66. Bb3 Nd7 67. Ke2 Kd4 68. Be6 Nb6 69. Bf7 Ke4 70. Bg6+ Kd4 71. Kf3 Ke5 72. Be8 Nc4 73. Ke2 Kd4 74. Bf7 Nb6 75. Kd2 Ke4 76. Ke2 Kd4 77. Be8 Ke4 78. Bc6+ Kd4 79. Kf2 Ke5 80. Kf3 Nc4 81. Bb7 Kd4 82. Bc6 Ne5+ 83. Ke2 Nc4 84. Be8 Nb6 85. h4 gxh4 86. g5 Ke5 87. Kf3 h3 88. Bh5 Kf5 89. g6 h2 90. Kg2 Kf6 91. Kxh2 Nc4 92. Kg2 Ne5 93. b6 Nd7 94. b7 Nb8 95. Kf3 Nd7 96. Kxf4 Nb8 97. Ke4 Nc6 98. Kd5 Nb8 99. Kd6 Na6 100. Kc6 Nb8+ 101. Kc7 Na6+ 102. Kc8 Kg7 103. Be2 Nc5 104. b8Q Ne4 105. Qe5+ Nf6 106. Bd3 Kg8 107. Bc4+ Kg7 108. Qf5 1-0

[Event "Titled Tuesday intern op 01st Apr Late"]
[Site "Chess.com INT"]
[Date "2025.04.01"]
[Round "2"]
[White "Eljanov, Pavel"]
[Black "Ruddell, Solomon"]
[Result "1-0"]
[WhiteElo "2668"]
[BlackElo "1992"]
[PlyCount "37"]
[EventDate "2025.04.01"]
[EventType "swiss (blitz)"]
[EventRounds "11"]
[EventCountry "USA"]
[SourceTitle "CB21_2025"]
[SourceDate "2025.05.21"]
[SourceVersion "1"]
[SourceVersionDate "2025.05.21"]
[SourceQuality "1"]

1. d4 g6 2. e4 Bg7 3. Nc3 d6 4. h4 h6 5. h5 g5 6. f4 gxf4 7. Bxf4 Nc6 8. Nf3 Nxd4 9. Nxd4 e5 10. Bb5+ Kf8 11. Be3 exd4 12. Bxd4 Bxd4 13. Qxd4 Qf6 14. Qd2 Qg5 15. Qd4 Qg3+ 16. Kd1 Qxg2 17. Rg1 Bg4+ 18. Kc1 Qf3 19. Rf1 1-0

[Event "Titled Tuesday intern op 18th Mar Late"]
[Site "Chess.com INT"]
[Date "2025.03.18"]
[Round "3"]
[White "Eljanov, Pavel"]
[Black "Novik, Maxim"]
[Result "1-0"]
[WhiteElo "2666"]
[BlackElo "2398"]
[PlyCount "75"]
[EventDate "2025.03.18"]
[EventType "swiss (blitz)"]
[EventRounds "11"]
[EventCountry "USA"]
[SourceTitle "CB13_2025"]
[SourceDate "2025.03.26"]
[SourceVersion "1"]
[SourceVersionDate "2025.03.26"]
[SourceQuality "1"]

1. d4 Nf6 2. Nf3 g6 3. e3 Bg7 4. Be2 d5 5. b4 0-0 6. 0-0 a5 7. b5 a4 8. Ba3 c6 9. c4 Re8 10. Nc3 Qa5 11. Rc1 Bf5 12. Ne5 Ne4 13. Nxe4 Bxe4 14. f3 Bf5 15. cxd5 cxd5 16. g4 Be6 17. f4 f6 18. f5 fxe5 19. fxe6 Qb6 20. dxe5 Qxe6 21. Bf3 Rd8 22. Qd3 Qxe5 23. Bxd5+ Kh8 24. Qe4 Qxe4 25. Bxe4 Ra7 26. Rc7 Bf6 27. Bxe7 Bxe7 28. Rxe7 Nd7 29. Rd1 b6 30. Bc6 Nf8 31. Rxd8 Rxe7 32. Rxf8+ Kg7 33. Rb8 Rxe3 34. Rxb6 Ra3 35. Ra6 Rxa2 36. b6 a3 37. b7 Rb2 38. Rxa3 1-0

[Event "Titled Tuesday intern op 18th Mar Late"]
[Site "Chess.com INT"]
[Date "2025.03.18"]
[Round "11"]
[White "Eljanov, Pavel"]
[Black "Tanriverdi, Enes"]
[Result "1-0"]
[WhiteElo "2666"]
[BlackElo "2388"]
[PlyCount "77"]
[EventDate "2025.03.18"]
[EventType "swiss (blitz)"]
[EventRounds "11"]
[EventCountry "USA"]
[SourceTitle "CB13_2025"]
[SourceDate "2025.03.26"]
[SourceVersion "1"]
[SourceVersionDate "2025.03.26"]
[SourceQuality "1"]

1. d4 Nf6 2. Nf3 e6 3. Bf4 b6 4. e3 Bb7 5. Bd3 g6 6. 0-0 Bg7 7. c4 0-0 8. Nc3 d6 9. h3 Nbd7 10. Bh2 Re8 11. b4 e5 12. Be2 Ne4 13. Rc1 a5 14. b5 Nxc3 15. Rxc3 exd4 16. exd4 Nf6 17. a4 Ne4 18. Rc2 Qf6 19. Qc1 Nc3 20. Rxc3 Rxe2 21. Qd1 Rae8 22. Be5 R2xe5 23. dxe5 dxe5 24. Re3 e4 25. Qd7 Qe7 26. Rd1 f5 27. Qxe7 Rxe7 28. Rd8+ Bf8 29. Nd4 Kf7 30. c5 bxc5 31. Nb3 Re8 32. Rxe8 Kxe8 33. Nxa5 Bd5 34. Re1 Kd7 35. Rd1 Ke6 36. Nc6 c4 37. a5 Bc5 38. a6 Bxc6 39. bxc6 1-0

[Event "Titled Tuesday intern op 25th Feb Early"]
[Site "Chess.com INT"]
[Date "2025.02.25"]
[Round "7"]
[White "Eljanov, Pavel"]
[Black "Ezat, Mohamed Mahmoud"]
[Result "1-0"]
[WhiteElo "2658"]
[BlackElo "2299"]
[PlyCount "91"]
[EventDate "2025.02.25"]
[EventType "swiss (blitz)"]
[EventRounds "11"]
[EventCountry "USA"]
[SourceTitle "CB10_2025"]
[SourceDate "2025.03.05"]
[SourceVersion "1"]
[SourceVersionDate "2025.03.05"]
[SourceQuality "1"]

1. d4 Nf6 2. Nf3 g6 3. Bf4 Bg7 4. Nbd2 d5 5. e3 0-0 6. h3 c5 7. c3 Nc6 8. Be2 Qb6 9. Qb3 c4 10. Qa3 Bf5 11. 0-0 Ne4 12. Nxe4 Bxe4 13. b3 cxb3 14. axb3 Rfc8 15. Rfc1 Bxf3 16. Bxf3 e5 17. Bg3 Rd8 18. Rd1 Rac8 19. dxe5 Nxe5 20. Bxd5 Rxc3 21. Qxa7 Qxa7 22. Rxa7 Rd3 23. Rxd3 Nxd3 24. Bxb7 Nc5 25. b4 Nd3 26. b5 Be5 27. Bxe5 Nxe5 28. Ra8 Rxa8 29. Bxa8 Nc4 30. Bd5 Nb6 31. Bb3 Kf8 32. g4 f6 33. Kg2 Ke7 34. h4 Kd6 35. g5 fxg5 36. hxg5 Ke5 37. Kg3 Kf5 38. f4 Ke4 39. Bg8 Kxe3 40. Bxh7 Nd5 41. Bxg6 Nxf4 42. b6 Ne2+ 43. Kg4 Nd4 44. b7 Nc6 45. Be8 Nb8 46. g6 1-0